| 000 | 00751cab a2200241 4500 | ||
|---|---|---|---|
| 001 | ABS48242 | ||
| 008 | 090401t xxu||||| |||| 00| 0 eng d | ||
| 035 | _a(Sirsi) u65647 | ||
| 041 | _aeng | ||
| 100 | _aOsmond, C.J.J. | ||
| 245 | _a1954 Act renewals : new rules for the recession | ||
| 260 | _c13(2) Winter 1992/1993, 95-99(3) | ||
| 350 | _a0 | ||
| 490 |
_aRent Review & Lease Renewal _v13(2) Winter 1992/1993, 95-99(3) |
||
| 520 | _aDiscusses how the Landlord and Tenant Act 1954 copes with lease renewals in times of recession. | ||
| 650 | _aLANDLORD AND TENANT ACT 1954 | ||
| 650 | _aLEASE RENEWALS | ||
| 650 | _aTRIGGER NOTICES | ||
| 690 | _aPROPERTY-LANDLORD AND TENANT | ||
| 700 | _aPeet, C. | ||
| 942 | _n0 | ||
| 948 | _c04/03/1997 | ||
| 999 |
_c40957 _d40957 |
||